Catálogo público

La erosión del suelo / (Record no. 201956)

MARC details
000 -CABECERA
campo de control de longitud fija 00892nam a2200289Ia 4500
001 - NÚMERO DE CONTROL
campo de control Para_3367
003 - IDENTIFICADOR DEL NÚMERO DE CONTROL
campo de control CHAP
008 - DATOS DE LONGITUD FIJA--INFORMACIÓN GENERAL
campo de control de longitud fija 220125s1945 xx 000 0 und d
010 ## - NÚMERO DE CONTROL DE LA BIBLIOTECA DEL CONGRESO
Número de control de LC 201956
040 ## - FUENTE DE LA CATALOGACIÓN
Centro/agencia transcriptor CHAP
082 ## - NÚMERO DE LA CLASIFICACIÓN DECIMAL DEWEY
Número de clasificación PA-C 338.17 A68
100 ## - ENTRADA PRINCIPAL--NOMBRE DE PERSONA
Nombre de persona Quintero, Miguel
9 (RLIN) 93448
245 ## - MENCIÓN DE TÍTULO
Título La erosión del suelo /
Mención de responsabilidad, etc. Miguel Quintero, Eduardo Terra Orocena y Daniel Rey Vercesi
260 ## - PUBLICACIÓN, DISTRIBUCIÓN, ETC.
Lugar de publicación, distribución, etc. :
Nombre del editor, distribuidor, etc.
300 ## - DESCRIPCIÓN FÍSICA
Extensión 10 h.
500 ## - NOTA GENERAL
Nota general Sobretiro de la Chacra, 1945. Encuadernado con: Apuntes de la clase de lecheria y laboratorio/César A. Rivera
650 ## - PUNTO DE ACCESO ADICIONAL DE MATERIA--TÉRMINO DE MATERIA
Término de materia o nombre geográfico como elemento de entrada Erosión Suelos
Subdivisión general Degradación
9 (RLIN) 166930
700 ## - PUNTO DE ACCESO ADICIONAL--NOMBRE DE PERSONA
Nombre de persona Rey Vercesi, Daniel
9 (RLIN) 96726
700 ## - PUNTO DE ACCESO ADICIONAL--NOMBRE DE PERSONA
Nombre de persona Terraprocena, Eduardo
9 (RLIN) 112391
901 ## - ELEMENTOS DE DATOS A LOCAL LDA (RLIN)
a PA-C 338.17 A68
902 ## - ELEMENTOS DE DATOS B LOCAL, LDB (RLIN)
a A
905 ## - ELEMENTOS DE DATOS E LOCAL, LDE (RLIN)
a 0000001945 0000000000 00
910 ## - DATOS DE OPCIÓN DEL USUARIO (OCLC)
Datos de opción del usuario 1945
942 ## - ELEMENTOS DE PUNTO DE ACCESO ADICIONAL (KOHA)
Tipo de ítem Koha Parasitologia_
942 ## - ELEMENTOS DE PUNTO DE ACCESO ADICIONAL (KOHA)
Tipo de ítem Koha Parasitologia_
-- 1
Holdings
Estado de retiro Estado de pérdida Fuente del sistema de clasificación o colocación Estado dañado Restricciones de uso No para préstamo Código de colección Localización permanente Ubicación/localización actual Ubicación en estantería Fecha de adquisición Información codificada de la localización en otra ubicación Total de préstamos Código de barras Fecha visto por última vez Precio válido a partir de Tipo de ítem Koha Nota pública
    Dewey Decimal Classification   Préstamo interno   Consulta Parasitologia Agricola Parasitologia Agricola   27/10/2005 PARA   PA_3319-10 25/01/2022 25/01/2022 Libro 3